Production and Operation Management (Record no. 2196)

MARC details
000 -LEADER
fixed length control field 00345nam a22001337a 4500
008 - FIXED-LENGTH DATA ELEMENTS--GENERAL INFORMATION
fixed length control field 250310b |||||||| |||| 00| 0 eng d
020 ## - INTERNATIONAL STANDARD BOOK NUMBER
ISBN 9788190856515
100 ## - MAIN ENTRY--AUTHOR
Author ARORA, K.C
245 ## - TITLE STATEMENT
Title Production and Operation Management
260 ## - PUBLICATION, DISTRIBUTION, ETC. (IMPRINT)
Place of publication Nwe Delhi
Name of publisher University Science Press
Date of publication 2012
300 ## - COLLATION
Pagination 1397p.
942 ## - ADDED ENTRY ELEMENTS (KOHA)
Item type Books
050 ## - LIBRARY OF CONGRESS CALL NUMBER
Classification number HD30.35
Item number .A75
Holdings
Source of classification or shelving scheme Not for loan Permanent location Current location Date acquired Accession No. Full call number Barcode. Koha item type
Library of Congress Classification   Samuel Ogbemudia Main Library, University of Abuja Samuel Ogbemudia Main Library, University of Abuja 03/10/2025 2016/46/27 HD30.35.A76 2025-0434 Books
Library of Congress Classification   Samuel Ogbemudia Main Library, University of Abuja Samuel Ogbemudia Main Library, University of Abuja 03/10/2025 2016/46/27 HD30.35.A76 2025-0435 Books